01486nam a2200289 a 450000100100000000500170001000800410002702000180006804000250008608200190011110000490013024500650017925000320024426000370027630000270031350000630034050000540040365000400045765000400049791000410053795201310057895201170070995201170082695201160094395201220105999900150118100000585620240409073824.0090824s2009 dr a 000 j spa d a9789945162950 aDO-SdBNPbspacBNPHU aRD863.44bJ58j1 aJesús Ulerio, Luis Felipe de,d1970-9133410aJade y el pollito amarillo /cLuis Felipe de Jesús Ulerio. a2a ed. corregida y ampliada aSanto Domingo, :bBúho,c2009. a49 p. :bil. ;c22 cm. aIncluye datos biográficos del autor en la contracubierta aIncluye guía de actividades y juegos infantiles 0aCuentos infantiles dominicanos9505 4aLiteratura infantil dominicana9441 aValidado. Control de calidad MMOLINA 001154708DSaGRbGRcMId2009-08-24iLF1l0oRD863.44 J58jp5856-30r2020-06-25te. 3w2020-06-25yLFDSZPréstamo en sala 00107-18PDaGRbGRcOId2019-03-13iLF1l0oRD863.44 J58jp5856-40r2020-06-25w2020-06-25yLFPDZNo se presta 00107-18PDaGRbGRcOId2019-03-13iLF1l0oRD863.44 J58jp5856-50r2020-06-25w2020-06-25yLFPDZNo se presta 0010718PDaPDbPDcHDd2009-08-24iLF1l0oRD863.44 J58jp5856-10r2020-06-25w2020-06-25yLFPDZNo se presta 0010718PDaPDbPDcHDd2009-08-24iLF1l0oRD863.44 J58jp5856-20r2020-06-25te. 2w2020-06-25yLFPDZNo se presta c5652d5652